| 000 | 00908nam a2200265 a 4500 | ||
|---|---|---|---|
| 001 | 61299 | ||
| 003 | BD-RjUL | ||
| 005 | 20211209080938.0 | ||
| 008 | 170117s1987 enk b 001 0 eng | ||
| 020 | _a0816012865 | ||
| 035 | _a(BD-RjUL)61423 | ||
| 040 |
_aDLC _cDLC _dBD-RjUL _beng |
||
| 041 | _aeng | ||
| 082 | 0 | 0 |
_a658.3132 _223 _bLEX 1987 |
| 100 | 1 |
_aLeedy, Jack J., _d1921- _9182823 |
|
| 245 | 1 | 0 |
_aExecutive retirement management : _ba manager's guide to the planning and implementation of a successful retirement / _cJack J. Leedy, James Wynbrandt. |
| 260 |
_aNew York, N.Y. : _bFacts on File, _cc1987. |
||
| 300 |
_axi, 260 p. ; _c24 cm. |
||
| 500 | _aIncludes index. | ||
| 650 | 0 |
_aExecutives _zUnited States _xRetirement _xManagement. _9182824 |
|
| 650 | 0 |
_aRetirement _zUnited States _xManagement. _9182825 |
|
| 700 | 1 |
_aWynbrandt, James. _9182826 |
|
| 942 |
_2ddc _cBK |
||
| 999 |
_c61299 _d61299 |
||